000 00409nam a2200157Ia 4500
008 230718s9999 xx 000 0 und d
041 _aeng
082 _a371.59
_bWAT
100 _aWatson D.
_9134328
245 _aDeveloping Cal Computers In The Curriculum
260 _c1987
_bHarper And Rao
300 _a286
365 _cRs.
_b413.00
700 _aWatson D.
_9134328
906 _dB:20724-May-1995
_cCOMP
999 _c293886
_d293886